Počítačem podporovaná algoritmická kompozice /

Hlavní autor: Dlouhý, Dan, 1965-
Jazyk: Čeština
Vydáno: V Brně : Janáčkova akademie múzických umění, 2018
Vydání: Vydání první
Témata:
Fyzický popis: 421 stran : ilustrace (některé barevné) ; 25 cm
Language note: Anglické resumé
Knihy
Uloženo v:
LEADER 01901nam a2200541 i 4500
001 nkc20193071617
003 CZ PrNK
005 20190328150908.0
007 ta
008 190121s2018 xr a f 000 0 cze
015 |a cnb003071617 
020 |a 978-80-7460-141-5  |q (brožováno) 
035 |a (OCoLC)1096293999 
040 |a OLA001  |b cze  |d ABA001  |e rda 
041 0 |a cze  |b eng 
072 7 |a 78  |x Hudba  |2 Konspekt  |9 9 
080 |a 78.02  |2 MRF 
080 |a 004-027.22  |2 MRF 
080 |a 789.983:004  |2 MRF 
080 |a 004.4'277.4  |2 MRF 
080 |a (048.8)  |2 MRF 
100 1 |a Dlouhý, Dan,  |d 1965-  |7 jn20000703057  |4 aut 
245 1 0 |a Počítačem podporovaná algoritmická kompozice /  |c Dan Dlouhý 
250 |a Vydání první 
264 1 |a V Brně :  |b Janáčkova akademie múzických umění,  |c 2018 
300 |a 421 stran :  |b ilustrace (některé barevné) ;  |c 25 cm 
336 |a text  |b txt  |2 rdacontent 
337 |a bez média  |b n  |2 rdamedia 
338 |a svazek  |b nc  |2 rdacarrier 
504 |a Obsahuje bibliografii a bibliografické odkazy 
546 |a Anglické resumé 
650 0 7 |a hudební kompozice  |7 ph120912  |2 czenas 
650 0 7 |a počítačová podpora  |7 ph218890  |2 czenas 
650 0 7 |a počítačová hudba  |7 ph124504  |2 czenas 
650 0 7 |a hudební software  |7 ph136954  |2 czenas 
650 0 9 |a composition (music)  |2 eczenas 
650 0 9 |a computer aid  |2 eczenas 
650 0 9 |a computer music  |2 eczenas 
650 0 9 |a music software  |2 eczenas 
653 0 |a algoritmická kompozice 
655 7 |a monografie  |7 fd132842  |2 czenas 
655 9 |a monographs  |2 eczenas 
910 2 |a BOA001  |b 3-1422.198 
990 |a BK 
995 |a 01 
991 |b 201901  |c NOV 
996 6 |b 2610768743  |c 3-1422.198  |l MZK  |r Sklad / do 1 hodiny  |n 0  |p p.v.  |w 001704586  |u 000010  |a 1  |e BOA001  |j MZK50  |s P 
996 7 |b 2610768744  |c 3-1422.198  |l Vol.výběr  |r VV 1p  |n 4  |p p.v.  |h 78 DLO  |w 001704586  |u 000020  |a 0  |e BOA001  |j MZK50  |s A